UBT Library

Ocular pathology : (Record no. 39256)

000 -LEADER
fixed length control field 00585cam a2200217 i 4500
001 - CONTROL NUMBER
control field 326344
005 - DATE AND TIME OF LATEST TRANSACTION
control field 20171221034342.0
008 - FIXED-LENGTH DATA ELEMENTS--GENERAL INFORMATION
fixed length control field 750218s1975 mdua b 001 0 eng
010 ## - LIBRARY OF CONGRESS CONTROL NUMBER
LC control number 75005568
020 ## - INTERNATIONAL STANDARD BOOK NUMBER
International Standard Book Number 0061427799 :
Terms of availability $75.00
040 ## - CATALOGING SOURCE
Original cataloging agency DLC
Transcribing agency DLC
Modifying agency DLC
041 ## - LANGUAGE CODE
Language code of text/sound track or separate title eng
080 ## - UNIVERSAL DECIMAL CLASSIFICATION NUMBER
Universal Decimal Classification number 617.71 MYR
082 00 - DEWEY DECIMAL CLASSIFICATION NUMBER
Classification number 617.71 MYR
Edition number 19
100 1# - Rafti
Rafti 9
101 ## - Shkurtesa
Shkurtesa PAT
245 10 - TITLE STATEMENT
Title Ocular pathology :
Statement of responsibility, etc Myron Yanoff, Ben S. Fine.
504 ## - BIBLIOGRAPHY, ETC. NOTE
Bibliography, etc Includes bibliographies and index.
906 ## - LOCAL DATA ELEMENT F, LDF (RLIN)
a 7
b cbc
c orignew
d 1
e ocip
f 19
g y-gencatlg
942 ## - ADDED ENTRY ELEMENTS (KOHA)
Source of classification or shelving scheme
Item type Books
Holdings
Withdrawn status Lost status Source of classification or shelving scheme Damaged status Not for loan Permanent location Current location Date acquired Total Checkouts Full call number Barcode Date last seen Price effective from Koha item type
          UBT - Lipjan UBT - Lipjan 12/21/2017   617.71 MYR 002-2939690 12/21/2017 12/21/2017 Books
UBT Library © 2015-2024. All rights reserved University Education for Business and Technology